000 00354pab a2200145 454500
008 180718b1989 xxu||||| |||| 00| 0 eng d
100 _aHorner, Tim
245 _aLocal government reform
_bLinks to public sector reform
260 _c1989
300 _a2-8
362 _aSept.
650 _aLocal Government
773 _aPublic Sector
909 _a12688
999 _c12688
_d12688